000 00260nam a2200109Ia 4500
008 190914s9999||||xx |||||||||||||| ||und||
100 _aSershar Siddiqi
245 0 _aMesaq Sher Aqeedat
260 _aKarachi
_bHira Foundation
_c1997
300 _a862
942 _cBK
999 _c9189
_d9189